[Event "Berlin Lichtenberger op 9th"]
[Site "Berlin"]
[Date "2010.08.11"]
[Round "6"]
[White "Tolle, Gerd"]
[Black "Schmalzried, Volker"]
[Result "0-1"]
[WhiteElo "1500"]
[BlackElo "1853"]
[PlyCount "22"]
[EventDate "2010.08.07"]
[EventType "swiss"]
[EventRounds "9"]
[EventCountry "GER"]
[SourceTitle "CBM 137 Extra"]
[Source "ChessBase"]
[SourceDate "2010.09.01"]
[SourceVersion "1"]
[SourceVersionDate "2010.09.01"]
[SourceQuality "1"]

1. e4 g6 2. d4 Bg7 3. c3 c5 4. Nf3 cxd4 5. cxd4 d5 6. exd5 Qxd5 7. Nc3 Qa5 8. Bc4 Nf6 9. 0-0 0-0 10. Re1 Qc7 11. h3 Qxc4 0-1

[Event "Berlin Lichtenberger op 9th"]
[Site "Berlin"]
[Date "2010.08.09"]
[Round "3"]
[White "Tolle, Gerd"]
[Black "Jachym, Adam"]
[Result "0-1"]
[WhiteElo "1500"]
[BlackElo "1835"]
[PlyCount "70"]
[EventDate "2010.08.07"]
[EventType "swiss"]
[EventRounds "9"]
[EventCountry "GER"]
[SourceTitle "CBM 137 Extra"]
[Source "ChessBase"]
[SourceDate "2010.09.01"]
[SourceVersion "1"]
[SourceVersionDate "2010.09.01"]
[SourceQuality "1"]

1. e4 e5 2. Nf3 Nc6 3. Bb5 Nf6 4. 0-0 Nxe4 5. Re1 Nd6 6. Bxc6 dxc6 7. Rxe5+ Be7 8. d3 0-0 9. h3 Be6 10. Bd2 Bf6 11. Bg5 Bd5 12. Nbd2 Bxg5 13. Rxg5 f6 14. Rg4 c5 15. Nb3 b6 16. Qd2 Qd7 17. Nh2 Rae8 18. Re1 Rxe1+ 19. Qxe1 Re8 20. Qd2 Qe7 21. Kf1 Qe5 22. Nf3 Qxb2 23. c4 Qb1+ 24. Nc1 Be6 25. Rf4 Bf5 26. Ne1 Bg6 27. g4 c6 28. h4 h6 29. Rf3 b5 30. cxb5 cxb5 31. Qc3 c4 32. dxc4 Ne4 33. Qa3 Nd2+ 34. Kg2 Rxe1 35. Rc3 b4 0-1